|
|
|
|
| LEADER |
00000nas a2200000 a 4500 |
| 001 |
ssj0002730 |
| 003 |
WaSeSS |
| 005 |
20200512172242.0 |
| 006 |
m d |
| 007 |
cr n |
| 008 |
050614c19029999paubr pss 0 a0engdc |
| 010 |
|
|
|a 2007213164
|
| 015 |
|
|
|a GBA798346
|2 bnb
|
| 016 |
7 |
|
|a 013566599
|2 Uk
|
| 016 |
7 |
|
|a 2229067-9
|2 DE-600
|
| 022 |
|
|
|a 1752-6868
|l 0022-1341
|y 0022-1341
|
| 030 |
|
|
|a JOGGA9
|
| 035 |
|
|
|a (WaSeSS)ssj0002730
|
| 037 |
|
|
|b Taylor & Francis, 4 Park Square, Milton Park, Abingdon, OX14 4RN
|
| 040 |
|
|
|a OCLCS
|b eng
|e pn
|c OCLCS
|d NSD
|d OCLCQ
|d BUF
|d HNK
|d Z5A
|d QE2
|d UKMGB
|d BUF
|d OCLCQ
|d OCLCF
|d OCLCO
|d OCLCQ
|d NLE
|d EZC
|d TOF
|d AU@
|d VT2
|d DLC
|d WaSeSS
|
| 042 |
|
|
|a pcc
|a nsdp
|
| 050 |
0 |
0 |
|a G1
|
| 082 |
1 |
0 |
|a 910
|2 14
|
| 130 |
0 |
|
|a Journal of geography (Online)
|
| 210 |
0 |
|
|a J. geogr.
|b (Houston. Online)
|
| 222 |
|
0 |
|a Journal of geography
|b (Houston. Online)
|
| 245 |
1 |
4 |
|a The Journal of geography
|h [electronic resource].
|
| 260 |
|
|
|a [Indiana, PA, etc.] :
|b National Council for Geographic Education
|
| 310 |
|
|
|a Bimonthly,
|b <1982->
|
| 321 |
|
|
|a Ten no. a year,
|b 1902-1918
|
| 321 |
|
|
|a 9 no. a year,
|b 1919-19
|
| 321 |
|
|
|a 7 no. a year,
|b <Nov. 1980->
|
| 362 |
1 |
|
|a Print began with v. 1 in Jan. 1902.
|
| 506 |
|
|
|a License restrictions may limit access.
|
| 515 |
|
|
|a Not published Feb.-Aug. 1907.
|
| 538 |
|
|
|a Mode of access: World Wide Web.
|
| 550 |
|
|
|a Official organ of the National Council for Geographic Education (called 1919-<Nov. 1956> National Council of Geography Teachers).
|
| 550 |
|
|
|a Published Jan. 1919-May 1920 by the American Geographical Society.
|
| 555 |
|
|
|a Vols. 1-69, 1902-70. 1 v.; Vols. 21-55, 1922-56. 1 v.; Vols. 71-72, 1972-73, in v. 73.
|
| 580 |
|
|
|a Formed by the union of: Journal of school geography, and: Bulletin of the American Bureau of Geography.
|
| 588 |
|
|
|a Description based on print version record.
|
| 588 |
|
|
|a Latest issue consulted: V. 119, issue 1 (2020) (Taylor & Francis Online, viewed Feb. 3, 2020).
|
| 650 |
|
0 |
|a Geography
|v Periodicals.
|
| 650 |
|
0 |
|a Geography
|x Study and teaching
|v Periodicals.
|
| 650 |
|
7 |
|a Geography.
|2 fast
|0 (OCoLC)fst00940469
|
| 650 |
|
7 |
|a Geography
|x Study and teaching.
|2 fast
|0 (OCoLC)fst00940526
|
| 650 |
1 |
7 |
|a Geografie.
|2 gtt
|
| 655 |
|
0 |
|a Electronic journals.
|
| 710 |
2 |
|
|a National Council for Geographic Education.
|
| 710 |
2 |
|
|a National Council of Geography Teachers (U.S.)
|
| 710 |
2 |
|
|a American Geographical Society of New York.
|
| 776 |
0 |
8 |
|i Print version:
|t Journal of geography
|x 0022-1341
|w (DLC)e 16000885
|w (OCoLC)1754604
|
| 780 |
1 |
4 |
|t Journal of school geography
|
| 780 |
1 |
4 |
|a American Bureau of Geography.
|t Bulletin of the American Bureau of Geography
|
| 850 |
|
|
|a DLC
|
| 856 |
4 |
0 |
|z Full text available from Research Library: 01/01/1999 to 09/30/2007
|u https://search.proquest.com/publication/41958
|